| 000 | 00720cab a2200265 4500 | ||
|---|---|---|---|
| 001 | X2011 | ||
| 008 | 090401t1995 xxu||||| |||| 00| 0 eng d | ||
| 035 | _a(Sirsi) u21122 | ||
| 041 | _aeng | ||
| 100 | _aParsley, D. | ||
| 245 | _aMembers` affairs: building surveying | ||
| 260 | _c1995 | ||
| 350 | _a0 | ||
| 490 |
_aCSM (Chartered Surveyor Monthly) _v4(4) February 1995, 41(1) |
||
| 650 | _aARBUK | ||
| 650 | _aARCHITECTS REGISTRATION COUNCIL | ||
| 650 | _aARCHITECTS | ||
| 650 | _aARCUK | ||
| 650 | _aNATIONAL BRIEFING | ||
| 650 | _aOFFICIAL JOURNAL FOR ARCHITECTURAL SERVICES | ||
| 650 | _aVISCOUNT ULLSWATER | ||
| 690 | _aBUILT ENVIRONMENT-BUILDING INSPECTION | ||
| 942 | _n0 | ||
| 948 | _c04/03/1997 | ||
| 999 |
_c14173 _d14173 |
||